000
00303 a2200145 4500
001
166278
020
_a
040
_c
Magnum
100
_a
Kleiman, Angela
240
1
0
_a
Leitura: ensino e pesquisa
_l
por
245
1
0
_a
Leitura: ensino e pesquisa
362
0
_a
1899
697
_a
ENSINO
942
_c
BK
999
_c
166278
_d
166278